Company M and Adams in the war with Spain /

Bibliographic Details
Main Author: Hicks, Herbert O., 1851-
Other Authors: Simmons, Fred A.
Format: Book
Language:English
Published: [Adams, Mass.] : Press of the Adams Freeman, 1899.
Subjects:

MARC

Tag First Indicator Second Indicator Subfields
LEADER 00000cam a2200000ua 4500
001 in00001246830
005 20151003083233.0
008 880928s1899 maua 000 0 eng d
035 |a (OCoLC)18594734 
035 |9 AGU7633AM 
040 |a TEU  |c TEU  |d UtOrBLW 
043 |a n-us---  |a n-us-ma 
049 |a TXAS [mil] 
090 |a E726.M4  |b H52 1899 
100 1 |a Hicks, Herbert O.,  |d 1851- 
245 1 0 |a Company M and Adams in the war with Spain /  |c by Herbert O. Hicks and Fred A. Simmons. 
264 1 |a [Adams, Mass.] :  |b Press of the Adams Freeman,  |c 1899. 
300 |a 110 pages :  |b illustrations ;  |c 22 cm. 
336 |a text  |b txt  |2 rdacontent 
337 |a unmediated  |b n  |2 rdamedia 
338 |a volume  |b nc  |2 rdacarrier 
610 1 0 |a United States.  |b Army.  |b 2nd Regiment, Massachusetts Volunteer Infantry.  |b Company M. 
650 0 |a Spanish-American War, 1898  |x Regimental histories. 
651 0 |a Adams (Mass.)  |x History. 
700 1 |a Simmons, Fred A. 
999 |a MARS 
999 f f |s 72eec60a-fe0c-3def-bdee-c6c533b1a431  |i d5e10495-4deb-3ba2-b4fe-ca07bfef3686  |t 0 
952 f f |p noncirc  |a Texas A&M University  |b College Station  |c Cushing Memorial Library & Archives  |d Cushing: Ragan Military (Does not check out)  |t 0  |e E726.M4 H52 1899  |h Library of Congress classification  |i unmediated -- volume 
998 f f |a E726.M4 H52 1899  |t 0  |l Cushing: Ragan Military (Does not check out)